000 01464nam a22003737a 4500
003 PE-LiUPU
005 20250731173557.0
008 230605b |||||||| |||| 00| 0 spa d
040 _aPE-LiUPU
_bspa
_cPE-LiUPU
_dPE-LiUPU
_erda
082 _223
_a224.5
_bS211d
100 _aSánchez, Alberto.
_91175
_eAutor
245 1 4 _a¡La dieta no es suficiente! /
_cSánchez, Alberto.
264 _aCalifornia :
_bPacific Health Education Center,
_c2002.
300 _a46 páginas :
_c21 centímetros.
500 _aEn cubierta; El punto de vista de un nutricionista entre la relación de la dieta y salud espiritual.
505 _aUna visión de futuro -- La mejor dieta -- Reduciendo la visión de Dios a sueños humanos -- Problemas en la vida -- Un estilo universal de vida para la salud -- Desviaciones cometidas por promotores de salud -- sumario
526 _aSEG42
526 _aSEG41
526 _aSEG40
526 _aSEG39
526 _aP94
526 _aP87
526 _aP86
526 _aP85
526 _aP77
526 _aP76
526 _aP35
630 0 _aBiblia.
_pDaniel
_xCrítica, interpretación etc.
_91192
650 0 _aSalud
_xEnseñanza bíblica
_91193
700 _aKreidler de Santa Cruz, Elizaberth
_91183
_eTraductora
942 _2ddc
_cBK
_n0
980 _621515
_aDIGNA BRAÑES Analista Documental
_81
_gALBERTO SANCHEZ Responsable de Automatización
999 _c61824
_d61824